LEADER 00887nam0-2200325 --450 001 9910638099103321 005 20250306091910.0 020 $aIT$b788831 100 $a20230117d1978----kmuy0itay5050 ba 101 0 $aita$cita 102 $aIT 105 $a 001yy 200 1 $a<>mito dell'altro$eLacan, Deleuze, Foucault$fFranco Rella 210 $aMilano$cFeltrinelli$d1978 215 $a66 p.$d17 cm 225 1 $aOpuscoli marxisti$v26 610 0 $aFoucault, Michel 610 0 $aLacan, Jacques 610 0 $aDeleuze, Gilles 676 $a150.195$v18 700 1$aRella,$bFranco$037646 801 0$aIT$bUNINA$gREICAT$2UNIMARC 901 $aBK 912 $a9910638099103321 952 $aLEPORE 368$bLEPORE 368$fFARBC 952 $aDAM A92.2 RELF 01$b2024/8635$fFLFBC 959 $aFLFBC 959 $aFARBC 996 $aMito dell'altro$9870419 997 $aUNINA